1001 advertising tips / (Record no. 13719)

MARC details
000 -LEADER
fixed length control field 00890nam a22002537a 4500
005 - DATE AND TIME OF LATEST TRANSACTION
control field 20080616170335.0
008 - FIXED-LENGTH DATA ELEMENTS--GENERAL INFORMATION
fixed length control field 080616t xxu||||| |||| 00| 0 eng d
010 ## - LIBRARY OF CONGRESS CONTROL NUMBER
LC control number ENG-90328
020 ## - INTERNATIONAL STANDARD BOOK NUMBER
International Standard Book Number 8189975128
Terms of availability 395.00
035 ## - SYSTEM CONTROL NUMBER
System control number EN-73861
037 ## - SOURCE OF ACQUISITION
Source of stock number/acquisition DBAD / PUB
040 ## - CATALOGING SOURCE
Original cataloging agency DPL
Language of cataloging EN
082 ## - DEWEY DECIMAL CLASSIFICATION NUMBER
Classification number 659.1
100 ## - MAIN ENTRY--PERSONAL NAME
Personal name Dupont, Luc
245 ## - TITLE STATEMENT
Title 1001 advertising tips /
Statement of responsibility, etc by Luc Dupont; translated by Josh Wallace
246 ## - VARYING FORM OF TITLE
Title proper/short title (One thousand one) advertising tips /
260 ## - PUBLICATION, DISTRIBUTION, ETC. (IMPRINT)
Place of publication, distribution, etc New Delhi
Name of publisher, distributor, etc Westland Books
Date of publication, distribution, etc 2006
270 ## - ADDRESS
City New Delhi
Postal code 110020
300 ## - PHYSICAL DESCRIPTION
Extent 341p.:
Dimensions 25 cm (pbk)
Other physical details col., b&w photos
500 ## - GENERAL NOTE
General note Includes index
700 ## - ADDED ENTRY--PERSONAL NAME
Personal name Wallace, Josh
942 ## - ADDED ENTRY ELEMENTS (KOHA)
Koha item type English Books
Classification part 659.1
Source of classification or shelving scheme Dewey Decimal Classification
Call number suffix DUP
Holdings
Withdrawn status Lost status Damaged status Not for loan Collection code Home library Current library Date acquired Source of acquisition Cost, normal purchase price Total Checkouts Full call number Barcode Date last seen Copy number Cost, replacement price Price effective from Koha item type
      Not For Loan Non-fiction D.B.Act.Division D.B.Act.Division 16/06/2008 DBAD / PUB 395.00   659.1 DUP EN-73861 15/09/2008 1 395.00 15/09/2008 English Books

© Delhi Public Library
Hit Counter
free hit counter